[Event "Katowice IM"]
[Site "Katowice"]
[Date "2019.04.09"]
[Round "5"]
[White "Bakalarz, Mietek"]
[Black "Budrewicz, Krzysztof"]
[Result "1-0"]
[WhiteElo "2268"]
[BlackElo "2194"]
[PlyCount "73"]
[EventDate "2019.04.08"]
[EventType "tourn"]
[EventRounds "9"]
[EventCountry "POL"]
[SourceTitle "CBM 189 Extra"]
[Source "ChessBase"]
[SourceDate "2019.06.03"]
[SourceVersion "1"]
[SourceVersionDate "2019.06.03"]
[SourceQuality "1"]

1. e4 g6 2. d4 Bg7 3. Nc3 d6 4. g3 Nc6 5. Be3 e5 6. dxe5 Nxe5 7. f4 Ng4 8. Bd4 N8f6 9. Nge2 h5 10. h3 Nh6 11. Bg2 0-0 12. 0-0 Bd7 13. Qd2 Re8 14. Be3 Kh7 15. Nd4 Qe7 16. Rae1 c6 17. f5 Nfg8 18. Kh2 Bf6 19. Nf3 gxf5 20. Bf4 Be5 21. exf5 f6 22. Nh4 Qg7 23. Ne4 Nf7 24. Qd1 Ngh6 25. Qxh5 Rg8 26. Qg6+ Kh8 27. Bxe5 fxe5 28. Nf6 Rgd8 29. Nh5 Qxg6 30. fxg6 Ng5 31. Rf6 Be6 32. Ref1 Kg8 33. g7 Kh7 34. Ng6 Nhf7 35. Nf8+ Rxf8 36. gxf8Q Rxf8 37. h4 1-0

[Event "Katowice IM"]
[Site "Katowice"]
[Date "2019.04.08"]
[Round "2"]
[White "Bakalarz, Mietek"]
[Black "Boricsev, Oleg"]
[Result "1-0"]
[WhiteElo "2268"]
[BlackElo "2281"]
[PlyCount "127"]
[EventDate "2019.04.08"]
[EventType "tourn"]
[EventRounds "9"]
[EventCountry "POL"]
[SourceTitle "CBM 189 Extra"]
[Source "ChessBase"]
[SourceDate "2019.06.03"]
[SourceVersion "1"]
[SourceVersionDate "2019.06.03"]
[SourceQuality "1"]

1. e4 e6 2. d4 d5 3. Nc3 dxe4 4. Nxe4 Nd7 5. Nf3 Ngf6 6. Nxf6+ Nxf6 7. Bg5 Be7 8. Bd3 0-0 9. Qe2 c5 10. dxc5 Qa5+ 11. c3 Qxc5 12. 0-0 Bd7 13. Bxf6 Bxf6 14. Bxh7+ Kxh7 15. Qd3+ Kg8 16. Qxd7 Rfd8 17. Qa4 b5 18. Qe4 a5 19. a3 Qd5 20. Rfe1 Qb3 21. Re2 Rd5 22. h4 Rc8 23. g3 Rc4 24. Qe3 Rc8 25. Kg2 b4 26. axb4 axb4 27. Ra7 Qc4 28. cxb4 Rd3 29. Qe4 Qxe4 30. Rxe4 Rb3 31. Ng5 Rxb2 32. Nxf7 Rf8 33. Ng5 Bc3 34. Nxe6 Rbxf2+ 35. Kh3 Rb8 36. Rc7 Bf6 37. Nc5 Rb2 38. Nd7 R2xb4 39. Nxf6+ gxf6 40. Ree7 f5 41. Rg7+ Kh8 42. Rh7+ Kg8 43. Rcg7+ Kf8 44. Rg5 f4 45. Rh8+ Ke7 46. Rxb8 Rxb8 47. gxf4 Kf6 48. Kg4 Rb1 49. Rf5+ Ke6 50. Rf8 Rg1+ 51. Kh5 Ke7 52. Rf5 Rf1 53. Kg6 Rg1+ 54. Rg5 Rf1 55. f5 Kf8 56. h5 Kg8 57. Rg2 Ra1 58. Re2 Rg1+ 59. Kf6 Kh7 60. Kf7 Rg7+ 61. Ke8 Rg8+ 62. Kd7 Rf8 63. Re7+ Kg8 64. Re8 1-0

[Event "Katowice IM"]
[Site "Katowice"]
[Date "2019.04.08"]
[Round "1"]
[White "Krzywda, Andrzej"]
[Black "Bakalarz, Mietek"]
[Result "1/2-1/2"]
[WhiteElo "2195"]
[BlackElo "2268"]
[PlyCount "58"]
[EventDate "2019.04.08"]
[EventType "tourn"]
[EventRounds "9"]
[EventCountry "POL"]
[SourceTitle "CBM 189 Extra"]
[Source "ChessBase"]
[SourceDate "2019.06.03"]
[SourceVersion "1"]
[SourceVersionDate "2019.06.03"]
[SourceQuality "1"]

1. d4 d5 2. c4 Nc6 3. e3 e5 4. dxe5 d4 5. a3 a5 6. Nf3 Bc5 7. exd4 Bxd4 8. Be2 Nge7 9. Nxd4 Qxd4 10. 0-0 Qxe5 11. Nd2 0-0 12. Nf3 Qf6 13. Qd2 Ng6 14. Qg5 Qxg5 15. Bxg5 h6 16. Be3 Be6 17. Rfd1 a4 18. Nd4 Nxd4 19. Rxd4 b6 20. Rad1 Ne5 21. Bf4 Nc6 22. R4d2 Ra7 23. Be3 Ra5 24. Rc1 Ne5 25. h3 Nd7 26. Bf4 Rc5 27. Be3 Ra5 28. Bf4 Rc5 29. Be3 Ra5 1/2-1/2

[Event "Graz op-A"]
[Site "Graz"]
[Date "2019.02.21"]
[Round "6"]
[White "Bakalarz, Mietek"]
[Black "Sebenik, Matej"]
[Result "0-1"]
[WhiteElo "2281"]
[BlackElo "2542"]
[PlyCount "66"]
[EventDate "2019.02.17"]
[EventType "swiss"]
[EventRounds "9"]
[EventCountry "AUT"]
[SourceTitle "CBM 189 Extra"]
[Source "ChessBase"]
[SourceDate "2019.06.03"]
[SourceVersion "1"]
[SourceVersionDate "2019.06.03"]
[SourceQuality "1"]

1. d4 Nf6 2. Nf3 g6 3. Bf4 Bg7 4. e3 d6 5. h3 0-0 6. Be2 c5 7. c3 cxd4 8. exd4 Nc6 9. 0-0 Nd5 10. Bg5 h6 11. c4 Nf6 12. Be3 d5 13. Nc3 Be6 14. b3 Ne4 15. Nxe4 dxe4 16. d5 Bxd5 17. cxd5 exf3 18. Bxf3 Ne5 19. Be2 Qa5 20. b4 Qxb4 21. Rb1 Qe4 22. Rxb7 e6 23. Bxa7 exd5 24. f3 Qf4 25. Qc1 Qa4 26. Bb5 Qxa2 27. Rf2 Qa5 28. Be3 Nc4 29. Bxc4 dxc4 30. Bxh6 Rfe8 31. Bd2 Qd5 32. Rb1 Bd4 33. Bc3 Re2 0-1

[Event "Steyr Landesliga 1819"]
[Site "Austria"]
[Date "2018.10.06"]
[Round "1.2"]
[White "Teuschler, Hugo"]
[Black "Bakalarz, Mietek"]
[Result "0-1"]
[WhiteElo "2143"]
[BlackElo "2278"]
[PlyCount "108"]
[EventDate "2018.10.06"]
[EventType "team-tourn"]
[EventRounds "11"]
[EventCountry "AUT"]
[SourceTitle "CBM 187 Extra"]
[Source "ChessBase"]
[SourceDate "2018.11.04"]
[SourceVersion "1"]
[SourceVersionDate "2018.11.04"]
[SourceQuality "1"]
[WhiteTeam "Gratwein Strassengel"]
[BlackTeam "Gamlitz"]
[WhiteTeamCountry "AUT"]
[BlackTeamCountry "AUT"]

1. e4 c5 2. Nf3 Nc6 3. d4 cxd4 4. Nxd4 g6 5. Nc3 Bg7 6. Be3 Nf6 7. Bc4 Qa5 8. 0-0 d6 9. h3 0-0 10. Re1 Bd7 11. Nf3 b5 12. Bd3 b4 13. Ne2 d5 14. e5 Ne4 15. Bxe4 dxe4 16. Qxd7 exf3 17. Qxc6 fxe2 18. Rxe2 Qxe5 19. Rae1 Qxb2 20. c4 Qf6 21. Qe4 Rac8 22. Bxa7 Rc7 23. Be3 Qc6 24. Bf4 Qxe4 25. Rxe4 Ra7 26. R1e2 e6 27. c5 Bc3 28. c6 Rc8 29. Rc4 e5 30. Bxe5 Re7 31. Bxc3 Rxe2 32. Bxb4 Rxa2 33. c7 Ra1+ 34. Kh2 Ra4 35. Kg3 f6 36. Kf3 Kf7 37. Ke3 Ke6 38. Re4+ Kd5 39. Rd4+ Kc6 40. Rg4 Rxc7 41. Rc4+ Kd7 42. Rxc7+ Kxc7 43. Be7 f5 44. Kf3 Kd7 45. Bf8 Ke6 46. g4 Rc4 47. Bh6 Rc3+ 48. Kg2 Rb3 49. Bf4 Kd5 50. gxf5 Ke4 51. Bc7 gxf5 52. Bd8 Rb8 53. f3+ Ke3 54. Bg5+ f4 0-1

[Event "Agneaux St Lo op 20th"]
[Site "Agneaux"]
[Date "2018.07.09"]
[Round "3"]
[White "Bakalarz, Mietek"]
[Black "Geurink, Jasper"]
[Result "1/2-1/2"]
[WhiteElo "2285"]
[BlackElo "2348"]
[PlyCount "127"]
[EventDate "2018.07.07"]
[EventType "swiss"]
[EventRounds "9"]
[EventCountry "FRA"]
[SourceTitle "CBM 185 Extra"]
[Source "ChessBase"]
[SourceDate "2018.07.29"]
[SourceVersion "1"]
[SourceVersionDate "2018.07.29"]
[SourceQuality "1"]

1. d4 Nf6 2. Nf3 g6 3. Bf4 Bg7 4. e3 c5 5. c3 b6 6. Nbd2 0-0 7. e4 cxd4 8. cxd4 Nc6 9. d5 Nb4 10. a3 Na6 11. b4 d6 12. Rc1 Nc7 13. Bd3 e6 14. dxe6 Nxe6 15. Bg3 Nh5 16. Bh4 Qd7 17. 0-0 Nef4 18. Bc4 Bb7 19. Re1 Rac8 20. Bf1 Rxc1 21. Qxc1 d5 22. e5 Ne6 23. Nb3 d4 24. Qd1 d3 25. Qxd3 Qxd3 26. Bxd3 Bxf3 27. gxf3 Rc8 28. Rc1 Rxc1+ 29. Nxc1 Bxe5 30. Ne2 Kf8 31. Bg3 f6 32. Bxe5 fxe5 33. Kf1 Nd4 34. Be4 Ke7 35. Nc3 Nf4 36. Ke1 Kd6 37. Kd2 Nfe6 38. Ke3 a6 39. a4 a5 40. bxa5 bxa5 41. Nd5 Kc5 42. Nf6 Nf8 43. f4 exf4+ 44. Kxf4 Kd6 45. Ke3 Nde6 46. f4 Kc5 47. f5 gxf5 48. Bxf5 h6 49. Nh7 Nxh7 50. Bxe6 Kb4 51. Bf5 Nf6 52. Kd4 Kxa4 53. Ke5 Ng8 54. h4 Ne7 55. Bd7+ Kb4 56. Kf6 Nd5+ 57. Kg6 h5 58. Kg5 a4 59. Bxa4 Kxa4 60. Kxh5 Nc3 61. Kg6 Ne2 62. Kg5 Ng3 63. h5 Nxh5 64. Kxh5 1/2-1/2

[Event "Agneaux St Lo op 20th"]
[Site "Agneaux"]
[Date "2018.07.08"]
[Round "2"]
[White "Van Roon, Sjoerd"]
[Black "Bakalarz, Mietek"]
[Result "0-1"]
[WhiteElo "2100"]
[BlackElo "2285"]
[PlyCount "88"]
[EventDate "2018.07.07"]
[EventType "swiss"]
[EventRounds "9"]
[EventCountry "FRA"]
[SourceTitle "CBM 185 Extra"]
[Source "ChessBase"]
[SourceDate "2018.07.29"]
[SourceVersion "1"]
[SourceVersionDate "2018.07.29"]
[SourceQuality "1"]

1. e4 e5 2. Nf3 Nf6 3. Nxe5 d6 4. Nf3 Nxe4 5. Nc3 Nxc3 6. dxc3 Be7 7. Bd3 Bg4 8. h3 Bh5 9. Be3 Nd7 10. g4 Bg6 11. h4 Ne5 12. Nxe5 dxe5 13. h5 Bxd3 14. cxd3 0-0 15. Qd2 Qd5 16. Rg1 Rad8 17. 0-0-0 Qxa2 18. g5 e4 19. d4 Rd5 20. Qe2 Ba3 21. Qc2 Rb5 22. bxa3 Qxa3+ 23. Kd2 Rb2 24. Ra1 Qb3 25. Rgc1 a6 26. h6 f6 27. Ra5 b6 28. hxg7 Kxg7 29. gxf6+ Rxf6 30. Rxa6 Rc6 31. Qxb2 Qxb2+ 32. Rc2 Qb5 33. Ra3 Qd3+ 34. Kc1 h5 35. Kb2 Qb5+ 36. Rb3 Qd5 37. Bf4 Kf7 38. Be5 b5 39. Rc1 h4 40. Ra3 Qc4 41. Rh1 b4 42. cxb4 Qxb4+ 43. Rb3 Qd2+ 44. Ka3 Ra6# 0-1

[Event "Katowice Spring"]
[Site "Katowice"]
[Date "2018.05.11"]
[Round "7"]
[White "Bakalarz, Mietek"]
[Black "Molchanov, Alexey"]
[Result "1/2-1/2"]
[WhiteElo "2288"]
[BlackElo "2355"]
[PlyCount "116"]
[EventDate "2018.05.07"]
[EventType "tourn"]
[EventRounds "9"]
[EventCountry "POL"]
[EventCategory "4"]
[SourceTitle "CBM 184 Extra"]
[Source "ChessBase"]
[SourceDate "2018.06.28"]
[SourceVersion "1"]
[SourceVersionDate "2018.06.28"]
[SourceQuality "1"]

1. d4 d5 2. Nf3 Nf6 3. Bf4 c5 4. e3 Nc6 5. dxc5 e6 6. Be2 Bxc5 7. 0-0 0-0 8. Nbd2 Qe7 9. Ne5 Rd8 10. c3 Ne8 11. Qb3 f6 12. Nd3 e5 13. Bg3 Bb6 14. c4 Be6 15. Qa4 Ba5 16. cxd5 Rxd5 17. Ne4 Rad8 18. Rfd1 Qd7 19. Ndc5 b5 20. Nxd7 bxa4 21. Ndc5 Bf7 22. Nxa4 Rxd1+ 23. Bxd1 Nd6 24. Bf3 Nf5 25. a3 Nce7 26. b4 Bc7 27. Rd1 h5 28. Rxd8+ Bxd8 29. h3 Nd5 30. Bh2 Nb6 31. Nxb6 Bxb6 32. g4 hxg4 33. hxg4 Nh4 34. Be2 Bd5 35. Bg3 Ng6 36. Bd3 Ne7 37. Kf1 Kf7 38. Ke2 a5 39. Nd6+ Ke6 40. Nc4 axb4 41. axb4 Bd8 42. Nd2 Kd7 43. b5 Be6 44. f3 Nd5 45. Ne4 Bb6 46. Bf2 Ke7 47. Ng3 Bd7 48. Nf5+ Kf8 49. Be1 Bc5 50. Ba5 g6 51. Nh4 Kg7 52. Nxg6 Bxb5 53. Nxe5 Bxd3+ 54. Nxd3 Bxe3 55. Nb4 Bb6 56. Bxb6 Nxb4 57. f4 f5 58. gxf5 Kf6 1/2-1/2

[Event "Katowice Spring"]
[Site "Katowice"]
[Date "2018.05.09"]
[Round "4"]
[White "Shkuran, Danylo"]
[Black "Bakalarz, Mietek"]
[Result "1/2-1/2"]
[WhiteElo "2395"]
[BlackElo "2288"]
[PlyCount "61"]
[EventDate "2018.05.07"]
[EventType "tourn"]
[EventRounds "9"]
[EventCountry "POL"]
[EventCategory "4"]
[SourceTitle "CBM 184 Extra"]
[Source "ChessBase"]
[SourceDate "2018.06.28"]
[SourceVersion "1"]
[SourceVersionDate "2018.06.28"]
[SourceQuality "1"]

1. e4 e5 2. Nf3 Nf6 3. Nc3 Nc6 4. Bb5 Nd4 5. Bc4 Bc5 6. d3 d6 7. h3 c6 8. a4 Be6 9. 0-0 Qe7 10. a5 0-0 11. Bxe6 Nxf3+ 12. Qxf3 fxe6 13. Qe2 b5 14. axb6 axb6 15. Be3 Bd4 16. Qd2 Nh5 17. Rxa8 Rxa8 18. Bxd4 exd4 19. Ne2 e5 20. Qb4 b5 21. c3 dxc3 22. Qxc3 Ra6 23. d4 Nf6 24. Ng3 exd4 25. Qxd4 Qe5 26. Qd3 d5 27. exd5 Nxd5 28. Rc1 g6 29. Qd2 Qf4 30. Qe1 Kf7 31. b3 1/2-1/2

[Event "Katowice Spring"]
[Site "Katowice"]
[Date "2018.05.07"]
[Round "1"]
[White "Bakalarz, Mietek"]
[Black "Piesik, Piotr"]
[Result "1-0"]
[WhiteElo "2288"]
[BlackElo "2372"]
[PlyCount "121"]
[EventDate "2018.05.07"]
[EventType "tourn"]
[EventRounds "9"]
[EventCountry "POL"]
[EventCategory "4"]
[SourceTitle "CBM 184 Extra"]
[Source "ChessBase"]
[SourceDate "2018.06.28"]
[SourceVersion "1"]
[SourceVersionDate "2018.06.28"]
[SourceQuality "1"]

1. d4 Nf6 2. Nf3 g6 3. Bf4 Bg7 4. e3 0-0 5. h3 d6 6. Be2 Nfd7 7. e4 Nc6 8. c3 e5 9. Be3 Qe8 10. dxe5 Ndxe5 11. Nxe5 Nxe5 12. 0-0 Be6 13. Na3 Qc6 14. f3 Nc4 15. Nxc4 Bxc4 16. Bxc4 Qxc4 17. Qd2 Rae8 18. Bd4 f5 19. b3 Bxd4+ 20. cxd4 Qb5 21. Rfe1 fxe4 22. fxe4 Re7 23. Re2 Qh5 24. Rae1 Qh4 25. e5 d5 26. Rf2 Rxf2 27. Qxf2 Qxf2+ 28. Kxf2 Rf7+ 29. Ke3 Kf8 30. b4 Ke7 31. b5 Kd7 32. Rc1 c6 33. bxc6+ bxc6 34. e6+ Kxe6 35. Rxc6+ Kd7 36. Ra6 Kc8 37. Ra5 Re7+ 38. Kf3 Rf7+ 39. Kg3 Rd7 40. Kf4 Kb7 41. Ke5 Kb6 42. Rxd5 Re7+ 43. Kd6 Re2 44. a4 Rxg2 45. Rb5+ Ka6 46. Kc6 Rg3 47. d5 Rxh3 48. Rc5 Rf3 49. d6 h5 50. d7 Rf8 51. Re5 Rd8 52. Kc7 Rxd7+ 53. Kxd7 h4 54. Re6+ Ka5 55. Rxg6 h3 56. Rg4 h2 57. Rh4 h1B 58. Rxh1 a6 59. Kc6 Kb4 60. a5 Kxa5 61. Ra1+ 1-0

[Event "Graz op-A"]
[Site "Graz"]
[Date "2018.02.21"]
[Round "6"]
[White "Bao, Qilin"]
[Black "Bakalarz, Mietek"]
[Result "1/2-1/2"]
[WhiteElo "2426"]
[BlackElo "2276"]
[PlyCount "146"]
[EventDate "2018.02.17"]
[EventType "swiss"]
[EventRounds "9"]
[EventCountry "AUT"]
[SourceTitle "CBM 183 Extra"]
[Source "ChessBase"]
[SourceDate "2018.04.19"]
[SourceVersion "1"]
[SourceVersionDate "2018.04.19"]
[SourceQuality "1"]

1. Nf3 d5 2. c4 d4 3. g3 Nc6 4. Bg2 e5 5. d3 Bb4+ 6. Bd2 a5 7. Na3 Nf6 8. Nc2 Bxd2+ 9. Nxd2 0-0 10. 0-0 Nd7 11. a3 a4 12. Nb4 Ne7 13. e4 dxe3 14. fxe3 Nc5 15. Ne4 Nxe4 16. Bxe4 f5 17. Bg2 c5 18. Nd5 Be6 19. Nc3 Qd7 20. Qc2 Rf6 21. Kh1 Rh6 22. Rad1 Kh8 23. Qf2 Rd8 24. e4 Rc8 25. exf5 Bxf5 26. Nd5 Nxd5 27. Bxd5 Rf6 28. Qe3 Qd6 29. Rde1 h6 30. Kg1 Rcf8 31. Qxe5 Qxe5 32. Rxe5 Bxd3 33. Rxf6 Rxf6 34. Re3 Rf1+ 35. Kg2 Rd1 36. Re8+ Kh7 37. Rd8 Kg6 38. Kf2 Kf6 39. Ke3 Bc2 40. Rd6+ Ke5 41. Re6+ Kf5 42. Rb6 Rd3+ 43. Kf2 Rd2+ 44. Ke3 Rd3+ 45. Ke2 Rb3 46. Rxb7 Bd3+ 47. Ke3 Rxb7 48. Bxb7 Bxc4 49. Bc6 Bb3 50. Bd7+ Ke5 51. Kd3 g5 52. Bb5 Kd5 53. Kc3 Bd1 54. Bc4+ Ke5 55. Bf7 Be2 56. Be8 Bd1 57. Kc4 Kd6 58. Kb5 Ke7 59. Bg6 Kd6 60. Bf7 g4 61. Bc4 Ke5 62. Kxc5 Ke4 63. Bf7 Kf3 64. Kd4 Kg2 65. Ke3 Kxh2 66. Kf4 Kh3 67. Be8 Bb3 68. Bh5 Bd1 69. Bg6 Bb3 70. Be8 Bd1 71. Bf7 Bc2 72. Be8 Bd1 73. Bh5 Be2 1/2-1/2